000
00221 a2200097 4500
001
13434
100
_a
Collier, D.S
245
_a
Berlin and the future of E.E
260
_a
Chicago
_b
henry regnery
_c
090
_c
10447
_d
10447
942
_a
NUST-CAE
_c
M
_c
500
999
_c
248507
_d
248507